Albo d'oro Coppa d'Africa - Statistics

Statistiche generali
  • Questo quiz è stato fatto 132 volte
    37 dall'ultimo reset
  • Il punteggio medio è 31 su 35
Statistiche sulle risposte
Anno Vincitore % Corretto
1990 Algeria
100%
2019 Algeria
100%
2021 Senegal
100%
2026 Senegal
100%
1976 Marocco
97%
1996 Sudafrica
97%
1957 Egitto
93%
1986 Egitto
93%
1998 Egitto
93%
2006 Egitto
93%
2008 Egitto
93%
2010 Egitto
93%
1980 Nigeria
93%
1994 Nigeria
93%
2013 Nigeria
93%
1959 Repubblica Araba Unita
93%
2004 Tunisia
93%
1974 Zaire
93%
1972 Congo - Brazzaville
90%
1968 Congo - Kinshasa
90%
1992 Costa d'Avorio
87%
2015 Costa d'Avorio
87%
2023 Costa d'Avorio
87%
1963 Ghana
83%
1965 Ghana
83%
1978 Ghana
83%
1982 Ghana
83%
1984 Camerun
80%
1988 Camerun
80%
2000 Camerun
80%
2002 Camerun
80%
2017 Camerun
80%
1962 Etiopia
73%
2012 Zambia
70%
1970 Sudan
67%
Nessun quiz corrispondente trovato
Distribuzione punteggi
Percentuale di utenti per punteggio
Percentile per numero di risposta
I tuoi punteggi nel tempo
Non hai fatto questo quiz dall'ultimo reset